| 000 | 00447nam a22001697a 4500 | ||
|---|---|---|---|
| 999 |
_c160391 _d160391 |
||
| 005 | 20190128145305.0 | ||
| 010 | _aB-213418 | ||
| 020 |
_a8185002789 _c200.00 |
||
| 035 | _aB-213418 | ||
| 037 | _bPromilla & Co. Publishers | ||
| 082 | _aS | ||
| 100 | _aNarasimhan, Raji | ||
| 245 |
_aRhe illusion of home / _cRaji Narasimhan |
||
| 260 |
_aNew Delhi _bPromilla & Co. Publishers _c2007 |
||
| 300 |
_a184p. _c22cm(pbk) |
||
| 942 |
_2ddc _cEN _hS _mNAR |
||